| 000 | 00673nam a2200193 a 4500 | ||
|---|---|---|---|
| 005 | 20230511063544.0 | ||
| 008 | 030617s1968 mx r 000 0 spa d | ||
| 035 | _aUPN01000125853 | ||
| 049 | _aSEP | ||
| 050 | 4 |
_aAC70 _bC8.6 no.159 |
|
| 100 | 1 |
_aBassols, Narciso, _d1897-1959 |
|
| 245 | 1 | 3 |
_aLa inquietud liberal de Camilo Arriaga / _cpor Narciso Bassols Batalla. |
| 260 |
_aMéxico : _bSEP, Subsecretaría de Asuntos Culturales, _c1968. |
||
| 300 | _a61 p. | ||
| 440 | 0 |
_aCuadernos de lectura popular ; _v159. _pPensamiento de la revolución |
|
| 600 | 1 | 4 |
_aARRIAGA, CAMILO, _d1862-1945 _922482 |
| 651 | 4 |
_aMéxico _xHistoria _yRevolución, 1910-1917 _9223 |
|
| 905 | _aLibro | ||
| 999 |
_c98032 _d98032 |
||